00481nam a2200181 a 4500001001300000003000900013005001700022008004100039020001000080082001700090100002500107245004600132260003000178300000900208500003500217650002800252650001900280nice12345678IN_TiNIC20260116011548.0050524s1832 lona grp 000 0 eng  ac10000a891.51bFIR4 aFirdausi, Abul Qasim aShah Nameh of the Persian Poetry Firdausi aLondonbJohn Murrayc1832 a608p aincludes index and biblioraphy aPersian Poetry-Firdausi aPersian Poetry